000 00925cam a2200289 a 4500
001 1165129
003 OSt
005 20140310181742.0
008 961122s1997 ilua 000 0 eng
010 _a 96050475
020 _a9789715119771
040 _aDLC
_cDLC
_dDLC
050 0 0 _aBV 4501.2
_b.F133 2007
082 0 0 _aTR 248.4
_bF11 2007
100 1 _aFabry, Chris,
_d1961-
245 1 4 _aThe 77 habits of highly ineffective Christians /
_cChris Fabry
246 3 _aSeventy seven habits of highly ineffective Christians
260 _aMetro, Manila :
_bOMF literature Inc,
_cc2007.
300 _a95 p. :
_bill. ;
_c19 cm.
521 _aFaculty
541 _j1
562 _e1
650 0 _aChristian life
_xHumor.
906 _a7
_bcbc
_corignew
_d1
_eocip
_f19
_gy-gencatlg
942 _2lcc
_cBK-TR
_kTR
999 _c2802
_d2802